| 000 | 00687nam a2200217 4500 | ||
|---|---|---|---|
| 999 |
_c6251 _d6251 |
||
| 001 | 6251 | ||
| 003 | BD-JhCC | ||
| 005 | 20180118123947.0 | ||
| 008 | 171003s1970 bg |||| |||| 000 0 ben d | ||
| 035 | _a(BD-JhCC)6251 | ||
| 040 |
_aBD-JhCC _dBD-JhCC |
||
| 041 | _aben | ||
| 082 |
_a370 _bTAS 1970 |
||
| 100 | _aটাসম্যান, জোসেফ | ||
| 245 |
_aশিক্ষা সমস্যা / _cজোসেফ টাসম্যান; মোহাম্মদ ইদ্রিস আলী (অনুবাদ) |
||
| 260 |
_aঢাকা : _bবুক ভিলা, _c1970. |
||
| 300 |
_a136 p. : _c22 cm. |
||
| 650 | _aEducation | ||
| 942 |
_2ddc _cBK |
||